000 00556nam a22002297a 4500
003 UA-OsUOA
001 48502
007 ta
008 20070907b un ||||| |||| 00| 0 ukr d
100 _aДрайзер Т.
090 _a821.161.1
_bД72
942 _cBK
040 _aUA-OsUOA
_brus
_cUA-OsUOA
_dUA-OsUOA
245 _aТитан
300 _a586 с.
955 _a3
041 _arus
080 _a821.161.1
260 _aТаллин
_c1956
650 7 _a82 Література. Літературознавство
_2UDC
999 _c334565
_d334565